El Salvador en la Revolución Latinoamericana /
Salvato in:
| Autore principale: | |
|---|---|
| Altri autori: | , , , , , , , , , , |
| Natura: | testo |
| Pubblicazione: |
Coyoacán:
Libros de México
|
| Edizione: | 1 |
| Tags: |
Aggiungi Tag
Nessun Tag, puoi essere il primo ad aggiungerne!!
|
MARC
| LEADER | 00000 a a2200000 04500 | ||
|---|---|---|---|
| 001 | 25254 | ||
| 003 | |||
| 040 | |||
| 020 | |a 968-427-063-1 | ||
| 022 | |a 968-427-063-1 | ||
| 090 | |a 180600 | ||
| 100 | |a Calderón, José Ma | ||
| 245 | |a El Salvador en la Revolución Latinoamericana / |c José Ma Calderón | ||
| 250 | |a 1 | ||
| 260 | |a Coyoacán: |b Libros de México | ||
| 300 | |a 178 p | ||
| 700 | |a Richter, Ernesto | ||
| 700 | |a Menjívar Larín, Rafael | ||
| 700 | |a Toriello, Guillermo | ||
| 700 | |a Tuner, Jorge | ||
| 700 | |a Cavalla Rojas, Antonio | ||
| 700 | |a Lira, Carmen | ||
| 700 | |a Lara, Carlos | ||
| 700 | |a Coto, Augusto | ||
| 700 | |a Martí, Cesar | ||
| 700 | |a Brogán, Ricardo | ||
| 700 | |a Carrión, Jorge | ||
| 999 | |c 16433 |d 16433 | ||



